000 00276nam a22001217a 4500
008 230607b xxu||||| |||| 00| 0 eng d
082 _a592
_bWEL
100 _cMartin Wells
245 _aLower Animals
260 _aLondon
_bMartin Wells
_c1968
300 _a255p
942 _2ddc
_cBK
999 _c783
_d783